[Event "Andalusia-ch Rapid"]
[Site "Dos Hermanas"]
[Date "2021.06.12"]
[Round "5"]
[White "Sanchez Jimenez, Juan Carlos"]
[Black "Ruiz De Toro, Carlos"]
[Result "1-0"]
[WhiteElo "2223"]
[BlackElo "1871"]
[PlyCount "71"]
[EventDate "2021.06.12"]
[EventType "swiss (rapid)"]
[EventRounds "8"]
[EventCountry "ESP"]
[SourceTitle "CBM 203 Extra"]
[Source "ChessBase"]
[SourceDate "2021.09.30"]
[SourceVersion "1"]
[SourceVersionDate "2021.09.30"]
[SourceQuality "1"]

1. d4 Nf6 2. c4 g6 3. Nc3 Bg7 4. e4 d6 5. Nf3 0-0 6. Be2 e5 7. dxe5 dxe5 8. Qxd8 Rxd8 9. Bg5 Re8 10. 0-0-0 Na6 11. Ne1 c6 12. f3 Nc5 13. Nc2 a5 14. Be3 Bf8 15. b3 Be6 16. Rd2 Rad8 17. Rhd1 Be7 18. Rxd8 Nxb3+ 19. axb3 Bxd8 20. Kb2 Bc7 21. Bc5 Nd7 22. Bd6 Bb6 23. Na4 Ba7 24. c5 f6 25. Bc4 Kf7 26. Ne3 h5 27. Bxe6+ Kxe6 28. Nc4 Rg8 29. Nab6 Bxb6 30. cxb6 Ra8 31. Ba3 c5 32. Rd6+ Ke7 33. Rd5 Rc8 34. Nxa5 Nxb6 35. Rxc5 Rxc5 36. Bxc5+ 1-0